China's war with Vietnam, 1979 : issues, decisions, and implications /

Bibliographic Details
Main Author: Chen, King C., 1926-
Format: Book
Language:English
Published: Stanford, Calif. : Hoover Institution Press, Stanford University, [1987]
Subjects:

MARC

Tag First Indicator Second Indicator Subfields
LEADER 00000cam a2200000 a 4500
001 in00000013469
005 20151007052459.0
008 870711s1987 cauab b 00110 eng
010 |a  87017132  
020 |a 0817985719 
020 |a 0817985727 (pbk.) 
035 |a (OCoLC)16278015 
035 |9 AAA7958AM 
040 |a DLC  |c DLC  |d TXA  |d UtOrBLW 
043 |a a-cc---  |a a-vt--- 
049 |a TXAM  |c [A11463331] 
050 0 0 |a DS559.916  |b .C44 1987 
082 0 |a 327.510597  |2 19 
100 1 |a Chen, King C.,  |d 1926- 
245 1 0 |a China's war with Vietnam, 1979 :  |b issues, decisions, and implications /  |c King C. Chen. 
264 1 |a Stanford, Calif. :  |b Hoover Institution Press, Stanford University,  |c [1987] 
264 4 |c ©1987 
300 |a xiv, 234 pages :  |b illustrations, map ;  |c 24 cm. 
336 |a text  |b txt  |2 rdacontent 
337 |a unmediated  |b n  |2 rdamedia 
338 |a volume  |b nc  |2 rdacarrier 
504 |a Bibliography: pages [221]-228. 
500 |a Includes index. 
650 0 |a Sino-Vietnamese Conflict, 1979. 
999 |a MARS 
999 f f |s 06fffe58-a5ae-3433-84e7-baa277580a0c  |i 2dc69dc9-c8fb-3ac8-8e11-2d77d506fd4b  |t 0 
952 f f |p normal  |a Texas A&M University  |b College Station  |c Sterling C. Evans Library  |d Evans: Library Stacks  |t 0  |e DS559.916 .C44 1987  |h Library of Congress classification  |i unmediated -- volume  |m A14811463331 
952 f f |p noncirc  |a Texas A&M University  |b College Station  |c Cushing Memorial Library & Archives  |d Cushing: Ragan Military (Does not check out)  |t 0  |e DS559.916 .C44 1987  |h Library of Congress classification  |i unmediated -- volume 
998 f f |a DS559.916 .C44 1987  |t 0  |l Cushing: Ragan Military (Does not check out) 
998 f f |a DS559.916 .C44 1987  |t 0  |l Evans: Library Stacks